logo

Bir Sreshtho Munshi Abdur Rouf Library
Jhenaidah Cadet College

Bird : (Record no. 9637)

MARC details
000 -LEADER
fixed length control field 01678cam a22003617a 4500
001 - CONTROL NUMBER
JCCL Control Number 9637
003 - CONTROL NUMBER IDENTIFIER
JCCL marc code BD-JhCC
005 - DATE AND TIME OF LATEST TRANSACTION
control field 20180321163552.0
008 - FIXED-LENGTH DATA ELEMENTS--GENERAL INFORMATION
fixed length control field 180321s2007 nyuab 001 0 eng
020 ## - INTERNATIONAL STANDARD BOOK NUMBER
International Standard Book Number 9781405306331 (hardcover)
020 ## - INTERNATIONAL STANDARD BOOK NUMBER
International Standard Book Number 1405306335 (hardcover)
020 ## - INTERNATIONAL STANDARD BOOK NUMBER
International Standard Book Number 9780756631536
020 ## - INTERNATIONAL STANDARD BOOK NUMBER
International Standard Book Number 075663153X
035 ## - SYSTEM CONTROL NUMBER
system control number (OCoLC)ocn137313365
-- (BD-JhCC)9637
040 ## - CATALOGING SOURCE
Original cataloging agency UKM
Transcribing agency UKM
Modifying agency BTCTA
-- IEF
-- BAKER
-- YDXCP
-- CPL
-- QBX
-- UPZ
-- DLC
-- BD-JhCC
041 ## - LANGUAGE CODE
Language code of Book eng
050 00 - LIBRARY OF CONGRESS CALL NUMBER
Classification number QL673
Item number .N28 2007
082 04 - DEWEY DECIMAL CLASSIFICATION NUMBER
Classification number 598
DDC Edition number 22
245 10 - TITLE STATEMENT
Title Bird :
Remainder of title the definitive visual guide /
Statement of responsibility, etc Audubon ; [senior editor, Peter Frances ; contributors, BirdLife International, David Burnie].
250 ## - EDITION STATEMENT
Edition statement 1st American ed.
260 ## - PUBLICATION, DISTRIBUTION, ETC. (IMPRINT)
Place of publication, distribution, etc New York :
Name of publisher, distributor, etc DK Pub.,
Date of publication, distribution, etc 2007.
300 ## - PHYSICAL DESCRIPTION
Pagination 512 p. :
Other physical details col. ill., col. maps ;
Dimensions 31 cm. +
Accompanying material 1 sound disc (digital ; 4 3/4 in.)
500 ## - GENERAL NOTE
General note Includes index.
520 ## - SUMMARY, ETC.
Summary, etc This visual guide to every bird order and family profiles more than 1,500 species, photographed in their native environment by photographers around the globe. Authoritative, comprehensive, and completely up to date, this reference volume of the world's birds illustrates the full range of birds, bird behavior, and bird-watching locations organized in taxonomic order with detailed introductions to every bird order. Features special double-pages on the most spectacular birds and an audio CD of bird songs and calls.
650 #0 - SUBJECT ADDED ENTRY--TOPICAL TERM
Topical term or geographic name as entry element Birds
Form subdivision Identification.
650 #0 - SUBJECT ADDED ENTRY--TOPICAL TERM
Topical term or geographic name as entry element Birds
Form subdivision Pictorial works.
700 1# - ADDED ENTRY--PERSONAL NAME
Personal name Frances, Peter.
700 1# - ADDED ENTRY--PERSONAL NAME
Personal name Burnie, David.
710 2# - ADDED ENTRY--CORPORATE NAME
Corporate name or jurisdiction name as entry element National Audubon Society.
710 2# - ADDED ENTRY--CORPORATE NAME
Corporate name or jurisdiction name as entry element BirdLife International.
942 ## - ADDED ENTRY ELEMENTS (KOHA)
Source of classification or shelving scheme Dewey Decimal Classification
Koha item type Books
Holdings
Source of classification or shelving scheme Damaged status Not for loan Home library Current library Shelving location Total Checkouts Full call number Barcode Date last seen Copy number Koha item type
Dewey Decimal Classification     JCC Rouf Library JCC Rouf Library General Stacks   598 BIR 2007 12850 03/21/2018 C - 1 Reference

JCC Library | Contacts | JCC Home

Last Update on 23 September 2017
Copyright @ 2017-2020 JCC Rouf Library
Rouf Library, Jhenidah Cadet College (JCC), Bangladesh